Grooving of immature trunks - The testing of an estate practice of the past (Record no. 60083)

MARC details
000 -LEADER
fixed length control field 00329nam a2200121Ia 4500
245 #0 - TITLE STATEMENT
Title Grooving of immature trunks - The testing of an estate practice of the past
260 ## - PUBLICATION, DISTRIBUTION, ETC. (IMPRINT)
Name of publisher Planters Bulletin
Year of publication 1963
300 ## - PHYSICAL DESCRIPTION
Number of Pages 16-17
650 ## - SUBJECT ADDED ENTRY--TOPICAL TERM
Topical Term Grooving
650 ## - SUBJECT ADDED ENTRY--TOPICAL TERM
Topical Term Rubber
942 ## - ADDED ENTRY ELEMENTS (KOHA)
Koha item type Journals
Holdings
Withdrawn status Lost status Damaged status Not for loan Home library Current library Shelving location Date acquired Serial Enumeration / chronology Koha item type
      Journals RRII Library RRII Library Rubber general 17/12/2021 Volume 64, Issue Journals